| 000 | 00776cam a2200241 a 4500 | ||
|---|---|---|---|
| 001 | 000020180 | ||
| 005 | 20200929170312.0 | ||
| 008 | 831213s1943 ag 001 d spa d | ||
| 040 |
_aDO-SdBNP _bspa _cBNPHU |
||
| 082 |
_a862.5 _bB456m, 1943 |
||
| 100 | 1 |
_aBenavente, Jacinto, _d1866-1954 _95362 |
|
| 245 | 1 | 3 |
_aLa malquerida : _bla noche del sábado / _cJacinto Benavente. |
| 250 | _a3a ed. | ||
| 260 |
_aBuenos, Aires, Argentina : _bEspasa-Calpe Argentina, _c1943. |
||
| 300 |
_a170 p. ; _c18 cm. |
||
| 490 | 1 |
_aAustral. Violeta : teatro y poesía _v84 |
|
| 500 | _aIncluye índice de autores. | ||
| 650 | 4 |
_aTeatro español _93071 |
|
| 650 | 4 |
_aLiteratura española _9632 |
|
| 830 | 0 |
_aAustral. _pVioleta: teatro y poesía ; _v84 _939559 |
|
| 910 | _aWM | ||
| 049 | _aBNGR | ||
| 999 |
_c19687 _d19687 |
||